000 00580nam a2200181Ia 4500
008 100917s9999 xx 000 0 und d
082 _b58219
100 _aदेवगिरीकर त्र्यंबक रघुनाथ
245 _aअल्पसंख्यांक
260 _bचित्रशाळा प्रकाशन
_c1947
300 _a137
365 _b3
520 _aइतिहास
630 _aअल्पसंख्यांक
650 _aइतिहास
730 _aअल्पसंख्यांक
942 _cBOOK
999 _c663613
_d663610